Okres Skalica

Bibliographic Details
Main Author: Drahošová, Viera (Author)
Corporate Author: Skalica (Slovensko). Okresný úrad (Author)
Other Authors: Minďáš, Miroslav (Compiler, Author of introduction, etc.), Hrbatý, Ján (Photographer, auv), Pardubský, Ján (Photographer), Mikula, Milan (gup)
Format: Book
Language:Slovak
PhysicalDescription:[16] s. fareb. fotogr., kres. 30 cm [20] s. infoservis
Published: Skalica Okresný úrad 1997
ISBN:8096780441
Subjects:

MARC

LEADER 00000cam a2200000 a 4500
001 vtls001313458
003 SK-MaSNL
005 20260301155836.0
008 160322s1997 xo ab r 00000 slo
015 |a SNBE1998/03-01507 
020 |a 8096780441 
035 |a SNK000265880 
040 |a SNK  |b slo  |c SNK  |e AACR2 
041 0 |a slo  |b eng  |b ger 
044 |a xo  |c SK 
080 |a 908.437.624+379.8:64.024(083.9)  |2 1981 
080 |a 379.8  |2 1981 
080 |a 64.024  |2 1981 
080 |a 943.76  |2 1981 
245 0 0 |a Okres Skalica  |c zostavil Miroslav Minďáš ; [texty Miroslav Minďáš, Viera Drahošová, Ján Hrbatý ; foto Milan Noga, Ján Hrbatý, Ján Pardubský ; grafická úprava Milan Mikula] 
260 |a Skalica  |b Okresný úrad  |c 1997 
300 |a [16] s.  |b fareb. fotogr., kres.  |c 30 cm  |e [20] s. infoservis 
504 |a Biogr. údaje. 
546 |a Res. angl., nem. 
651 7 |a Skalica (Slovensko : okres)  |2 SNK  |9 13231 
655 7 |a informačné publikácie  |2 SNK  |9 70181 
700 1 |a Minďáš, Miroslav  |4 com  |4 aui  |9 14809 
700 1 |a Drahošová, Viera  |4 aut  |9 224283 
700 1 |a Hrbatý, Ján  |4 auv  |4 pht  |9 27767 
700 1 |a Pardubský, Ján  |4 pht  |9 7840 
700 1 |a Mikula, Milan  |4 gup  |9 11560 
710 0 |a Skalica (Slovensko).  |b Okresný úrad  |4 aut  |9 33641 
919 |a 80-967804-4-1 
958 |a TL 
958 |a BQ 
958 |a BX 
999 |c 802939  |d 804869 
952 |t P60, <09>, [BOOK], {629}  |a SNK  |b SNK  |y NEVYP  |7 0  |o snkB 1307  |i snk4794/971208  |0 0  |1 0  |4 0  |d 1997-12-05  |l 0  |r 2005-01-02 00:00:00  |w 2026-02-24 
952 |t P60, <03>, [BOOK], {603}  |a SNK  |b SNK  |y PREZ  |7 0  |p 17A0112047  |o snkOSB 11639  |i snkKSP 12037/97  |0 0  |1 0  |4 0  |d 1997-12-05  |l 0  |r 2005-01-02 00:00:00  |w 2026-02-24 
952 |t P60, <04>, [BOOK], {604}  |a SNK  |b SNK  |y VYP  |7 0  |p 17A0112048  |o snkOSB 11639 D1  |i snkKSP 12038/97  |0 0  |1 0  |4 0  |d 1997-12-05  |l 0  |r 2005-01-02 00:00:00  |w 2026-02-24